000
00225nam a2200097Ia 4500
008
190216s9999||||xx |||||||||||||| ||und||
100
_a
Null
245
0
_a
Hindi-Mindan Ke Naye Abas
260
_b
A Pelican Original
942
_c
BK
999
_c
17926
_d
17926